Normal view MARC view

Entry Nombre personal

Number of records used in: 1

001 - NÚMERO DE CONTROL

  • campo de control: 236685

003 - IDENTIFICADOR DE NÚMERO DE CONTROL

  • campo de control: SpMaBN

005 - FECHA Y HORA DE LA ÚLTIMA TRANSACCIÓN

  • campo de control: 20240527153626.0

008 - ELEMENTOS DE DATO DE LONGITUD-FIJA

  • campo de control de longitud fija: 080627n|#azznnaabn a aaa ||

024 7# - IDENTIFICADOR DE OTROS ESTÁNDARES

  • Número estándar o código: https://isni.org/isni/0000000120885123
  • Fuente: isni

024 7# - IDENTIFICADOR DE OTROS ESTÁNDARES

  • Número estándar o código: http://viaf.org/viaf/171985964/
  • Fuente: viaf

040 ## - FUENTE DE CATALOGACIÓN

  • Centro catalogador/agencia de origen: SpMaBN
  • Lengua de catalogación: spa
  • Centro/agencia transcriptor: SpMaBN
  • Normas de descripción: rdc
  • Convención/Normas de encabezamiento de materia/tesauro: embne

046 ## - FECHAS CON CODIFICACIÓN ESPECIAL

  • Fecha de nacimiento: 1979

100 1# - ENCABEZAMIENTO-NOMBRE DE PERSONA

  • Nombre de persona: Figuereo, Agustín P.,
  • Fechas asociadas al nombre: 1979-

400 1# - TRAZADO DE VÉASE--NOMBRE DE PERSONA

  • Nombre de persona: Ponce Figuereo, Agustín,
  • Fechas asociadas al nombre: 1979-

670 ## - FUENTE DE DATOS ENCONTRADOS

  • Cita de la fuente: Isla Cristina 1936, 2011
  • Información encontrada: port. (Agustín P. Figuereo)

675 ## - FUENTE DE DATOS NO ENCONTRADOS

  • Cita de la fuente: WWW Agencia Española ISBN, 14-6-2011

678 ## - DATOS BIOGRÁFICOS O HISTÓRICOS

  • Datos biográficos o históricos: N. 1979